Life in ancient India as depicted in the Kushana art of Mathura (Record no. 16500)
[ view plain ]
| 000 -LEADER | |
|---|---|
| fixed length control field | 00499nam a2200169Ia 4500 |
| 082 ## - DEWEY DECIMAL CLASSIFICATION NUMBER | |
| Classification number | TS.0722 |
| 100 ## - MAIN ENTRY--AUTHOR NAME | |
| Personal name | Sahasrabudhe, Nandini |
| 245 #0 - TITLE STATEMENT | |
| Title | Life in ancient India as depicted in the Kushana art of Mathura |
| 260 ## - PUBLICATION, DISTRIBUTION, ETC. (IMPRINT) | |
| Year of publication | 1974 |
| Name of publisher | Nagpur University |
| 300 ## - PHYSICAL DESCRIPTION | |
| Number of Pages | 169p. + C D - 58 |
| 650 ## - SUBJECT ADDED ENTRY--TOPICAL TERM | |
| Topical Term | INDIA - SOCIAL CONDITIONS |
| 650 ## - SUBJECT ADDED ENTRY--TOPICAL TERM | |
| Topical Term | INDIA - HISTORY - SOURCES |
| 650 ## - SUBJECT ADDED ENTRY--TOPICAL TERM | |
| Topical Term | ART, KUSHAN - UTTAR PRADESH - MATHURA |
| 650 ## - SUBJECT ADDED ENTRY--TOPICAL TERM | |
| Topical Term | KUSHAN ART//ART, KUSHAN |
| 710 ## - ADDED ENTRY--CORPORATE NAME | |
| Corporate name or jurisdiction name as entry element | Deo, S.B. |
| 942 ## - ADDED ENTRY ELEMENTS (KOHA) | |
| Koha item type | Thesis |
| Source of classification or shelving scheme | Dewey Decimal Classification |
| Withdrawn status | Lost status | Damaged status | Not for loan | Home library | Current library | Date acquired | Full call number | Accession Number | Price effective from | Koha item type |
|---|---|---|---|---|---|---|---|---|---|---|
| NASSDOC Library | NASSDOC Library | 08/10/2004 | TS.0722 | 7280 | 18/04/2019 | Thesis |
